000 00858aas a2200229 4500
005 20171127150229.0
008 170407s1988 ck au|m| |||| 00| b0spa d
040 _aCO-BoIAVH
_cCO-BoIAVH
041 0 _aspa
044 _ack
090 _aSE-
245 0 0 _aField studies of new world monkeys La Macarena Colombia
260 _aBogotá (Colombia) :
_bJapan Colombia Cooperative Field Study,
_c1988?-.
300 _btablas y gráficas ;
_c25 x 18 cm.
310 _au
321 _az
504 _aIncluye referencias bibliográficas.
650 2 6 _aMono
_xEspecies
_zSierra de la Macarena (Meta, Colombia)
_vPublicaciones periódicas
650 2 6 _aMono
_xAspectos biológicos
_zSierra de la Macarena (Meta, Colombia)
_vPublicaciones periódicas
785 0 0 _aField studies of fauna and flora La Macarena Colombia
942 _cREVISTA
_2ddc
_s1
999 _c16902
_d16902